| 000 | 01113aab a2200217 i 4500 | ||
|---|---|---|---|
| 001 | 768714001 | ||
| 003 | CO-MdFUSB | ||
| 005 | 20240422114320.0 | ||
| 008 | 170719t1991 ag ||||| |||| 00| 0 spa d | ||
| 022 | _a0122-2996 | ||
| 040 |
_bspa _cCO-MdFUSB |
||
| 041 | _aspa | ||
| 100 | 1 |
_aRomanenghi de Powell, Elsie _eautor |
|
| 245 | 1 | 0 |
_aParticipación de los evangélicos en la política latinoamericana : _b una crónica _c/ Elsie Romanenghi de Powell |
| 300 |
_aVolumen 23, número 44 (1991), páginas: 233-248 _c; 27 cm |
||
| 520 | _aRelata como la participación de los evangélicos en la política latinoamericana fue discutida en la segunda consulta continental que tuvo lugar en octubre de 1991. Los diferentes grupos políticos estuvieron representados y analizaron la situación socioeconómica, de esta parte del continente, en un ambiente de hermandad, reflexión y entrega a su pueblo. | ||
| 546 | _aTexto en español | ||
| 650 | 7 |
_aClero -- _bActividad política _941 |
|
| 773 | 0 |
_tBoletín Teológico _049402 _959664 _gVolumen 23, número 44 (1991), páginas: 233 - 248 _qpáginas: 233 |
|
| 942 | _cANA | ||
| 999 |
_c59934 _d59934 |
||